Регионална библиотека "Любен Каравелов" - Русе

Справочник за безопасно приложение на пестицидите (Запис номер 57585)

MARC детайли
000 -Лидер
Контролно поле с фиксирана дължина 01388nam a2200289 c 4500
003 - Код на организацията, давaща контролен номер
Контролно поле BLK
005 - Дата и час на последна редакция
Контролно поле 20221012165542.0
008 - Елементи от данни с фиксирана дължина
fixed length control field 180408b bul|||||r ||||||| ||bul||
010 ## - Наследен системен номер
LC control number KNG00061591000
040 ## - Източник на каталожния запис
Идентификатор на билиотеката - собственик на записа BLK
041 ## - Код за език
Код за езика на текст/звукозапис или на отделно заглавие Български
Код за езика КДБФ Български
080 ## - УДК
Текстов определител УДК Токсикология. Отравяния. Учение за отровите. Общи въпроси. Отрови - органични, неорганични, растителни, животински. Вж и 615. 009. Противоотрови вж 615. 27
УДК код - определител по УДК 615.9
УДК определител (035)
УДК - код + определител 615.9(035)
080 ## - УДК
Текстов определител УДК Борба с болестите и вредителите на растенията
УДК код - определител по УДК 632.9
УДК определител (035)
УДК - код + определител 632.9(035)
100 1# - Редна дума - Автор
Автор Байнова, Ада Иванова
R(LIN) 242582
139 ## - Редно поле
Редна дума Справочник за безопасно приложение на пестицидите
Авторски знак
245 10 - Сведения за заглавието
Заглавие Справочник за безопасно приложение на пестицидите
Редно поле (дума) Ада Иванова Байнова; ред. Ф. Калоянова.
257 ## - Страна на издаване
Страна на създаване/издаване България
260 ## - Област на издателските данни
-- София
Име на издателя, разпространителя и проч. Медицина и физкултура
Година на издаване 1984
300 ## - Физическа характеристика
Страници 252 с.
Размери/Мащаб 23 см
380 ## - Жанр
Жанр Медицина
700 1# - Други автори (авторска отговорност)
Лично име Калоянова, Ф.
Автороска отговорност (Описва отношението между автора и произведението) ред.
9 (RLIN) 287716
852 ## - Местоположение
Форматна сигнатура Цб 126542
856 4# - Електронен адрес и достъп
Електронен формат pdf - файл
Път до файла /url/
856 4# - Електронен адрес и достъп
Електронен формат pdf - файл
Път до файла /url/
942 ## - АРТИКУЛИ
Вид на библиотечния материал Книги
Скрит в OPAC Не
944 ## - СЪЗДАВАНЕ И РЕДАКЦИЯ на ЗАПИСА
Създаване/Редакция Създаване
Дата на регистрацията/редакция 13.06.2004
Служител, извършил регистрацията/редакцията Читалня
944 ## - СЪЗДАВАНЕ И РЕДАКЦИЯ на ЗАПИСА
Създаване/Редакция Редакция
Дата на регистрацията/редакция 24.09.2015
Служител, извършил регистрацията/редакцията
999 ## - СИСТЕМНИ КОНТРОЛНИ НОМЕРА
Koha biblionumber 57585
Koha biblioitemnumber 57585
Наличности
Код за отписване Код за изгубен артикул Източник на класификационната схема Код за повреда Коз за рестрикции Код за отдаване Артикулен № Име на библиотеката - собственик Име на библиотеката, в която се намира в момента Статус (Текущо местоположение) Дата на вписване в системата Местоположение - отдел Цена в лева Инвентарен номер Систематично азбучна сигнатура Баркод Номер на екземпляра Цена в евро Служебна бележка Служебен тип на артикула
Изтеглен Не е изгубен Universal Decimal Classification Не е повреден без рестрикции ползва се в читалня 93604 Регионална библиотека "Любен Каравелов" Русе Регионална библиотека "Любен Каравелов" Русе Читалня 1993-01-01 Читалня 2.51 407391 Ч 615/С59 407391 1 1.28 Дата инв: 17.03.2017 Бележки инв: Ч2017 Книги
  Не е изгубен Universal Decimal Classification Не е повреден без рестрикции ползва се в читалня 93605 Регионална библиотека "Любен Каравелов" Русе Регионална библиотека "Любен Каравелов" Русе Хранилище 1984-01-01 Хранилище 2.51 405709 Цб 126542 120000405709 2 1.28 N: стар фонд Дата: 01.01.1984 Книги
Vip Innovations Ltd, Rousse, Bulgaria 2025